000 01134nam a2200325 i 4500
003 EG-GICUC
005 20260409143840.0
008 260409s1927 fr ||fr|||| 000 0 fre d
040 _aEG-GiCUC
_bfre
_cEG-GiCUC
_dEG-GiCUC
_eRda
041 0 _afre
082 0 4 _221
_a343.044
_bR O .C
092 0 4 _221
099 _aLaw1 10 343.044 RO .C 1927
100 1 _aRoux , J.-A
_eAuteur
245 1 0 _aCours De Droit Criminel Français.
_nTome 2,
_pProcedure Penas /
_cPar J.-A. Roux Professeur De Droit Criminel A L'université De Strasbourg.
250 _aDeuxième édition /
_brevue et augmentée.
264 1 _aParis :
_bRecueil Sirey ,
_c1927.
300 _a531 page ;
_c 24 cm.
_billustration ;
336 _2rda contenu
_a texte
337 _2rda medias
_aOrdinateur
338 _2 transporteur rda
_a Ressource en ligne
504 _aComprend des références bibliographiques.
546 _aTexte en français
650 1 4 _aDroit pénal
_2qrmak
650 1 4 _aDroit pénal général
_2qrmak
651 1 _2qrmak
856 4 0 _uhttps://fll.law.cu.edu.eg/fulltext/bks/B10-09501.pdf
905 _a62
942 _2ddc
_cBK
_e21
_n0
999 _c69843
_d69843